| 000 | 01015nas a2200313 4500 | ||
|---|---|---|---|
| 001 | BR2014008147 | ||
| 003 | BR-BrBNA | ||
| 005 | 20231205124845.0 | ||
| 007 | ta | ||
| 008 | 230509b bl.|||p| |||| 00| 00por d | ||
| 040 |
_aBR-BrBNA _bpor _cBiblioteca Nacional de Agricultura |
||
| 041 | _a(Pt) | ||
| 072 | _aH20; E16 | ||
| 100 | 1 | _aOliveira, J.M.C. de | |
| 100 | 1 | _aNascimento, A.S. do | |
| 100 | 1 | _aMiranda, S.H.G. de | |
| 100 | 1 | _aBarbosa, C. de J. | |
| 100 | 1 | _aLaranjeiras, F.F. | |
| 245 | 1 | _aEstimativa dos impactos econômicos decorrentes de eventual introdução do Huanglonbing (HLB)no estado da Bahia | |
| 650 | _aFRUTA CÍTRICA | ||
| 650 | _aDOENÇA DE PLANTA | ||
| 650 | _aBACTÉRIA | ||
| 650 | _aIMPACTO ECONÔMICO | ||
| 650 | _aCUSTO OPERACIONAL | ||
| 650 | _aESTATÍSTICA DE PRODUÇÃO | ||
| 773 | 0 |
_tRevista Brasileira de Fruticultura (Brazil) _xISSN 0100-2945 _g(Sep 2013), v. 35(3) p. 755-762 _wBR2014008147 |
|
| 909 |
_a202311 _bLúcia _c55 _dLúcia Elande |
||
| 942 |
_2AGRIS _n0 _cANA |
||
| 999 |
_c241261 _d241261 |
||